| 000 | 00582nam a2200241Ia 4500 | ||
|---|---|---|---|
| 005 | 20250425162555.0 | ||
| 008 | 250425s9999 xx 000 0 und d | ||
| 041 | _aeng | ||
| 043 | _axxu | ||
| 082 | _a515 | ||
| 100 | _aWHITTAKER, EDMUND | ||
| 245 | 0 | _aTHE CALCULUS OF OBSERVATIONS: AN INTRODUCTION TO NUMERICAL ANALYSIS | |
| 250 | _a4TH ED. | ||
| 260 |
_aEstados Unidos _bDOVER _c1967 |
||
| 260 | _aNEW YORK | ||
| 300 | _a397 | ||
| 650 | _aALGEBRA | ||
| 650 | _aANALISIS NUMERICO | ||
| 650 | _aCALCULO | ||
| 700 | _aROBINSON, G. | ||
| 942 | _c01 | ||
| 010 | _a86497 | ||
| 999 |
_c232006 _d232006 |
||